Doctor Who Midnight Quiz Stats

 Plays Quiz not verified by Sporcle

Also try: Cartoons Grab Bag
Challenge
Share
Tweet
Embed
Score 0/12 Timer 10:00
0 Plays Today
Hint Answer % Correct
What was the name of the planet?Midnight
100%
Who does the creature 'attack'?Sky Silvestry
100%
After releasing everyone else, who does the creature carry on copying?The Doctor
100%
How does the creature communicate while outside?Knocking
83.3%
What does the creature copy from the other passengers?Speech
83.3%
Who throws the creature out of the shuttle in the end?The Hostess
83.3%
Who tells everyone that the creature has stolen the voice rather than moving hosts?Dee Dee Blasco
66.7%
What celestial body was mentioned in this later that was later used in 'The Stolen Earth'The Lost Moon of Poosh
66.7%
What was the job of the co-pilot of the shuttle?Trainee Mechanic
50%
What is the name of the radiation that comes from the star?Xtonic
50%
What was the name of the company that ran shuttle?Crusader Tours
50%
How long does the rescue shuttle take to arrive?1 hour
33.3%

You're not logged in!

Compare scores with friends on all Sporcle quizzes.
Join for Free
OR
Log In

You Might Also Like...

Show Comments

Extras

Created May 20, 2017ReportNominate
Tags:doctor, midnight

Top Quizzes Today


Score Distribution

Your Account Isn't Verified!

In order to create a playlist on Sporcle, you need to verify the email address you used during registration. Go to your Sporcle Settings to finish the process.

Report this User

Report this user for behavior that violates our Community Guidelines.

Details: